000 00650nam a22002057a 4500
003 OSt
005 20251205044343.0
008 251205b |||||||| |||| 00| 0 eng d
020 _a971-118-129-0.
040 _aDWCL-Main lib.
_cOC
082 _aFil. 890.083 M491 1993
100 _aMedina, B. S. JR.
245 _aAlaga/
_cB. S. Medina JR.
260 _aManila :
_bDe La Salle University Press,
_c c1993.
300 _a128 p. ;
_c22 cm.
504 _aIncludes bibliographical references and index
650 _a1. Philippine Fiction-Collections.
650 _a2. Short stories, Philippines (Filipino).
942 _2ddc
_cBK - FIL
_hFil.
_n0
999 _c6929
_d6929